00282nam a2200085Ia 4500008004100000041000800041100002200049245008700071260003800158241105s9999 xx 000 0 und d aeng aLokhande Priyanka aLandscape Development For Temple Precinct And Forest Surrounding At Banshwar, Pune bM Arch Landscapp BNCA, Punec2015